000 00559nam a22001817a 4500
005 20251108164742.0
008 250721s1996 xx 000 0 ara d
082 1 4 _a808.88/صما
100 1 _aالصمادي، محمد علي فالح
245 1 0 _aالحب للجميع و الدعوة عامة /
264 1 _aعمان :
_bمؤسسة البلسم للنشر و التوزيع،
_c1996.
300 _a64ص.
650 1 7 _aالأدب
650 1 7 _aالحكم (الأمثال)
650 1 7 _aالحب (عواطف )
942 _2ddc
_cBK
999 _c13481
_d13481